000 00436nam a2200169Ia 4500
005 20260429112219.0
008 260429s9999||||xx |||||||||||||| ||und||
020 _a9789350304570
041 _aEnglish
082 _a570.285
_bGUL
100 _aGulwe, Ashish
245 0 _aEssentials of bioinformatics /
_cAshish Gulwe
260 _aJaipur :
_bOxford,
_c2024.
300 _avii, 216 p.; hb
650 _aBioinformatics
942 _cTB
999 _c52928
_d52928